Biología celular /
Guardado en:
| Autor Principal: | |
|---|---|
| Formato: | Libro |
| Publicado: |
Madrid :
Mc Graw Hill,
2007
|
| Edición: | 3 |
| Materias: | |
| Etiquetas: |
Agregar Etiqueta
Sin Etiquetas, Sea el primero en etiquetar este registro!
|
| LEADER | 00750nam a22002775a 4500 | ||
|---|---|---|---|
| 001 | CEM.cems014163 | ||
| 008 | 130507s2007##################000#0#####d | ||
| 005 | 20210804190203.0 | ||
| 003 | CEMS | ||
| 245 | 1 | 0 | |a Biología celular / |c Ricardo Paniagua y Otros |
| 250 | |a 3 | ||
| 260 | |a Madrid : |b Mc Graw Hill, |c 2007 | ||
| 300 | |a 420 p. | ||
| 590 | |a 1212.013 | ||
| 020 | |a 9788448155926 | ||
| 100 | 1 | |a Paniagua, Ricardo | |
| 653 | |a Biología | ||
| 653 | |a Biología celular | ||
| 653 | |a Célula | ||
| 653 | |a Membrana plasmática | ||
| 653 | |a Membrana citoplasmática | ||
| 653 | |a Conversión energética | ||
| 653 | |a Macromoléculas | ||
| 653 | |a Citoesqueleto | ||
| 653 | |a Biblioteca TC | ||
| 859 | |a CEMS |b BIB. CEMS - 11 de abril |h TC |p 1212.013 |t Ej.1 | ||
